000 00260nam a2200109Ia 4500
008 190914s9999||||xx |||||||||||||| ||und||
100 _aSmith,Edward E.
245 0 _aIntroduction to Psychology
260 _aCanada
_bPearson
_c2001
300 _a830
942 _cBK
999 _c9805
_d9805